000 00928nam0a22002651 4500
001 v19\rc\1776266
005 20260406144139.0
035 _a(NLR Aleph) 004871934
090 _a5102654
_c5102654
100 _a20061204d1904 |||y0rusy50 ca
101 0 _arus
102 _aRU
105 _aa z |||||
200 1 _aЖитие преподобного Серафима, Саровского чудотворца
_f[Соч.] Д-на М-ва
205 _a5-е изд.
210 _aМосква
_cЕ.И. Коновалова
_d1904
215 _a36 с.
_cил.
_d17
702 0 _aД...н М...в
_4220
702 0 _4570
_8rus
_7ca
_aСерафим Саровский
_cМошнин, Прохор Сидорович
_cиеромонах
_f1759-1833
_3RU\NLR\AUTH\774071
_9114058
801 0 _aRU
_bNLR
_gpsbo
801 0 _aRU
_bRuMoRGB
_2psbo
801 1 _aRU
_bProSoft-M
_2rusmarc
852 _aNLR
_j34.48.6.1151
942 _cBOOK
980 _aNB